Directory of Organizations for Conflict Prevention in Asia and the Pacific (Record no. 1644)

MARC details
000 -LEADER
fixed length control field 009940000a22002530004500
003 - CONTROL NUMBER IDENTIFIER
control field LK-CoMWRAF
005 - DATE AND TIME OF LATEST TRANSACTION
control field 20231007173946.0
008 - FIXED-LENGTH DATA ELEMENTS--GENERAL INFORMATION
fixed length control field 230817t ||||| |||| 00| 0 eng d
040 ## - CATALOGING SOURCE
Original cataloging agency LK-CoMWRAF
Modifying agency LK-CoMWRAF
Description conventions LK-CoMWRAF
041 ## - LANGUAGE CODE
Language code of text/sound track or separate title English
082 ## - DEWEY DECIMAL CLASSIFICATION NUMBER
Classification number 058.7
Item number JAP
942 ## - ADDED ENTRY ELEMENTS (KOHA)
Koha item type Reference
110 ## - MAIN ENTRY--CORPORATE NAME
Corporate name or jurisdiction name as entry element Japan Center for Preventive Diplomacy, JCPD
710 ## - ADDED ENTRY--CORPORATE NAME
Corporate name or jurisdiction name as entry element Japan Institute of International Affairs, JIIA
245 ## - TITLE STATEMENT
Title Directory of Organizations for Conflict Prevention in Asia and the Pacific
260 ## - PUBLICATION, DISTRIBUTION, ETC. (IMPRINT)
Place of publication, distribution, etc. Tokyo:
Name of publisher, distributor, etc. Japan Center for Preventive Diplomacy,
Date of publication, distribution, etc. 2003
300 ## - PHYSICAL DESCRIPTION
Extent xiii, 490 p.: illustrations ; 30 cm.
650 ## - SUBJECT ADDED ENTRY--TOPICAL TERM
Topical term or geographic name as entry element INTERNATIONAL ORGANIZATIONS-conflict resolution -- directory -- Asia Pacific
650 ## - SUBJECT ADDED ENTRY--TOPICAL TERM
Topical term or geographic name as entry element Asia Pacific -- directory -- conflict prevention -- NGOs
650 ## - SUBJECT ADDED ENTRY--TOPICAL TERM
Topical term or geographic name as entry element Asia Pacific -- peace movements
650 ## - SUBJECT ADDED ENTRY--TOPICAL TERM
Topical term or geographic name as entry element Asia Pacific -- peace research -- institutions
650 ## - SUBJECT ADDED ENTRY--TOPICAL TERM
Topical term or geographic name as entry element Asia Pacific -- human rights -- protection
650 ## - SUBJECT ADDED ENTRY--TOPICAL TERM
Topical term or geographic name as entry element Regional organizations
Holdings
Withdrawn status Lost status Damaged status Not for loan Permanent Location Current Location Date acquired Full call number Barcode Koha item type
        Resource center, Muslim Women's Research And Action Forum Resource center, Muslim Women's Research And Action Forum 2023-08-17 058.7 JAP RAF1645 Reference

Copyright © 2023 Muslim Women's Research and Action Forum (MWRAF), No 27/3, Anderson Road, Kalubowila, Dehiwela. Funded by The Asia Fundation